000 00765nam a22001817a 4500
003 OSt
005 20250909184606.0
008 240903b ||||| |||| 00| 0 eng d
040 _c0
082 _aDPer 808.042 C686 June-February 2021 v. 72-73 n. 1-4
100 _aThomas, Dorell Oneil.
_eauthor.
_960019
245 _aBeyond disciplinary drama :
_bfederal dollars, esl instruction for African Americans, and public memory /
_cDorell Oneil Thomas.
260 _aUSA ;
_bNational Council of Teachers of English ,
_cSeptember 2021.
300 _aVolume 72-73, pages 52-79 :
_billustration ;
_c23 cm.
500 _aCollege Composition & Communication, vol. 73, n. 1, pages 52-79, September 2021.
700 _aThomas, Dorell Oneil.
_eauthor.
_960019
942 _2ddc
_cPER
999 _c21259
_d21259